NMR imaging studies of vulcanized butyl rubber (Record no. 63976)

MARC details
000 -LEADER
fixed length control field 00352nam a2200133Ia 4500
100 ## - MAIN ENTRY--AUTHOR NAME
Personal name Krejsa M R
245 #0 - TITLE STATEMENT
Title NMR imaging studies of vulcanized butyl rubber
260 ## - PUBLICATION, DISTRIBUTION, ETC. (IMPRINT)
Name of publisher Rubber Chemistry and Technology
Year of publication 1991
300 ## - PHYSICAL DESCRIPTION
Number of Pages P 635-40
650 ## - SUBJECT ADDED ENTRY--TOPICAL TERM
Topical Term Butyl Rubber
700 ## - ADDED ENTRY--PERSONAL NAME
Personal name Koenig J L
942 ## - ADDED ENTRY ELEMENTS (KOHA)
Koha item type Journals
Holdings
Withdrawn status Lost status Damaged status Not for loan Home library Current library Date acquired Serial Enumeration / chronology Koha item type
      Journals RRII Library RRII Library 17/12/2021 Volume 64, Issue 4 Journals